[Event "DVM U10 2014"]
[Site "Magdeburg GER"]
[Date "2014.12.27"]
[Round "1"]
[White "Haufe, Laurin"]
[Black "Wittig, Georg"]
[Result "1-0"]
[Termination "normal"]
[Board "1.2"]
[WhiteElo "1476"]
[BlackElo "942"]
[WhiteTeam "BSG Grün-Weiß Leipzig 1"]
[BlackTeam "BSG Grün-Weiß Leipzig 2"]
[PlyCount "43"]
[WhiteFideId "12976504"]
[BlackFideId "16266366"]
[EventCountry "GER"]
[EventRounds "7"]
[EventType "team-swiss"]
[EventDate "2014.12.27"]

1. e4 e5 2. Nf3 Nc6 3. d4 exd4 4. Nxd4 Nxd4 5. Qxd4 Ne7 6. Bc4 Nc6 7. Qd5 Qe7
8. Bg5 f6 9. Bd2 d6 10. O-O Bd7 11. Nc3 g6 12. Nb5 Rc8 13. Be3 b6 14. Rae1 f5
15. exf5 gxf5 16. Bg5 Rg8 17. Qxg8 Be6 18. Rxe6 Qxe6 19. Qxe6+ Be7 20. Qf7+ Kd7
21. Be6+ Kd8 22. Qf8# 1-0

[Event "DVM U10 2014"]
[Site "Magdeburg GER"]
[Date "2014.12.27"]
[Round "1"]
[White "Güldenpfennig, Carl"]
[Black "Hinze, Aaron"]
[Result "0-1"]
[Termination "normal"]
[Board "1.3"]
[WhiteElo "850"]
[BlackElo "1271"]
[WhiteTeam "BSG Grün-Weiß Leipzig 2"]
[BlackTeam "BSG Grün-Weiß Leipzig 1"]
[PlyCount "80"]
[BlackFideId "12990183"]
[EventCountry "GER"]
[EventRounds "7"]
[EventType "team-swiss"]
[EventDate "2014.12.27"]

1. e4 e5 2. Bc4 Nf6 3. Nc3 Bc5 4. Nf3 Nc6 5. d3 d6 6. h3 Be6 7. Bb3 h6 8. Nd5
Bxd5 9. Bxd5 Nxd5 10. exd5 Nd4 11. Nxd4 Bxd4 12. c3 Bb6 13. Qa4+ Qd7 14. Qxd7+
Kxd7 15. O-O g5 16. Bd2 f5 17. Rfe1 Raf8 18. b4 g4 19. Be3 gxh3 20. g3 Rfg8 21.
Kf1 Bxe3 22. fxe3 Rxg3 23. Ke2 Rg2+ 24. Kd1 Rhg8 25. Kc1 Rg1 26. Kb2 h2 27.
Rxg1 Rxg1 28. Rxg1 hxg1=Q 29. Kb3 Qxe3 30. a3 Qxd3 31. b5 Qxd5+ 32. c4 Qc5 33.
a4 c6 34. bxc6+ bxc6 35. a5 f4 36. a6 f3 37. Kc3 f2 38. Kb3 f1=Q 39. Kb2 Qb4+
40. Ka2 Qfb1# 0-1

[Event "DVM U10 2014"]
[Site "Magdeburg GER"]
[Date "2014.12.27"]
[Round "1"]
[White "Gäbler, Jakob"]
[Black "Sieber, Paale"]
[Result "1-0"]
[Termination "normal"]
[Board "1.4"]
[WhiteElo "991"]
[BlackElo "600"]
[WhiteTeam "BSG Grün-Weiß Leipzig 1"]
[BlackTeam "BSG Grün-Weiß Leipzig 2"]
[PlyCount "99"]
[WhiteFideId "16214536"]
[EventCountry "GER"]
[EventRounds "7"]
[EventType "team-swiss"]
[EventDate "2014.12.27"]

1. e4 e5 2. Nf3 Nc6 3. d4 Bd6 4. d5 Nf6 5. dxc6 bxc6 6. Nc3 O-O 7. Bg5 a6 8.
Bd3 c5 9. Qd2 Bb7 10. O-O-O a5 11. Rdg1 Ba6 12. Bxa6 Rxa6 13. Nd5 Be7 14. h4 c6
15. Nxf6+ Bxf6 16. Nxe5 Bxg5 17. hxg5 Qe8 18. Nxd7 Ra7 19. Nxf8 Qxf8 20. f4 c4
21. f5 c5 22. g6 hxg6 23. fxg6 fxg6 24. Rf1 Qe8 25. Qd5+ Rf7 26. Rxf7 Qxf7 27.
Qxf7+ Kxf7 28. Kd2 Ke7 29. Ke3 Ke6 30. Kf4 Kd6 31. Kg5 Ke5 32. Kxg6 Kxe4 33.
Rh3 Kd4 34. c3+ Kd5 35. Rh4 Kc6 36. a4 Kb6 37. Kxg7 Ka6 38. Rh6+ Kb7 39. Kf6
Kc6 40. Ke5+ Kb7 41. Kd5 Ka7 42. Kxc5 Kb7 43. Rg6 Kc7 44. Rg7+ Kd8 45. Kd6 Ke8
46. Ra7 Kf8 47. Ke6 Kg8 48. Kf6 Kh8 49. Kg6 Kg8 50. Ra8# 1-0

[Event "DVM U10 2014"]
[Site "Magdeburg GER"]
[Date "2014.12.27"]
[Round "1"]
[White "Brunner, Sophia"]
[Black "Schlie, Johann"]
[Result "1-0"]
[Termination "normal"]
[Board "2.1"]
[WhiteElo "1429"]
[BlackElo "890"]
[WhiteTeam "Hagener SV 1"]
[BlackTeam "Hagener SV 2"]
[PlyCount "43"]
[WhiteFideId "12960683"]
[BlackFideId "16211596"]
[EventCountry "GER"]
[EventRounds "7"]
[EventType "team-swiss"]
[EventDate "2014.12.27"]

1. e4 e5 2. Nf3 Nc6 3. d4 f6 4. d5 Na5 5. a3 b6 6. Nc3 Bc5 7. b4 Nb3 8. cxb3
Bd6 9. Be3 Ne7 10. Bc4 c6 11. Rc1 Bb7 12. O-O f5 13. Bg5 a6 14. Bxe7 Qxe7 15.
exf5 Rc8 16. dxc6 dxc6 17. Ne4 Rd8 18. Nxd6+ Rxd6 19. Qe2 b5 20. Be6 g6 21.
Qxe5 gxf5 22. Qxh8+ 1-0

[Event "DVM U10 2014"]
[Site "Magdeburg GER"]
[Date "2014.12.27"]
[Round "1"]
[White "Mayland, Jannis"]
[Black "Scheidt, Mike Niklas"]
[Result "0-1"]
[Termination "normal"]
[Board "2.2"]
[WhiteElo "817"]
[BlackElo "1363"]
[WhiteTeam "Hagener SV 2"]
[BlackTeam "Hagener SV 1"]
[PlyCount "32"]
[WhiteFideId "16204824"]
[BlackFideId "12965235"]
[EventCountry "GER"]
[EventRounds "7"]
[EventType "team-swiss"]
[EventDate "2014.12.27"]

1. d4 d5 2. Bf4 Nc6 3. Nc3 Bf5 4. e3 Nf6 5. f3 e6 6. Qd2 Bb4 7. O-O-O Qe7 8.
Bb5 O-O 9. Bxc6 bxc6 10. Nge2 a5 11. Rhg1 a4 12. g4 Bg6 13. h4 Ba3 14. bxa3
Qxa3+ 15. Kb1 Rfb8+ 16. Ka1 Qb2# 0-1

[Event "DVM U10 2014"]
[Site "Magdeburg GER"]
[Date "2014.12.27"]
[Round "1"]
[White "Lindemann, Jarno"]
[Black "Schönfeld, Fynn"]
[Result "1-0"]
[Termination "normal"]
[Board "2.3"]
[WhiteElo "1363"]
[BlackElo "909"]
[WhiteTeam "Hagener SV 1"]
[BlackTeam "Hagener SV 2"]
[PlyCount "36"]
[WhiteFideId "12977934"]
[BlackFideId "16204859"]
[EventCountry "GER"]
[EventRounds "7"]
[EventType "team-swiss"]
[EventDate "2014.12.27"]

1. d4 d5 2. Nc3 Bf5 3. Bf4 e6 4. Nb5 Na6 5. e3 Nf6 6. Bd3 Bxd3 7. Qxd3 Ne4 8.
c3 Nd6 9. Nxd6+ cxd6 10. Qb5+ Qd7 11. Qxd7+ Kxd7 12. Ne2 Be7 13. O-O-O Rac8 14.
-- Nb4 15. Kb1 Na6 16. Nc1 Ra8 17. Nd3 Nc7 18. e4 e5 {Rest nicht
nachvollziehbar} 1-0

[Event "DVM U10 2014"]
[Site "Magdeburg GER"]
[Date "2014.12.27"]
[Round "1"]
[White "Voß, Torben"]
[Black "Morgenstern, Tobias"]
[Result "0-1"]
[Termination "normal"]
[Board "3.1"]
[WhiteElo "1025"]
[BlackElo "1342"]
[WhiteTeam "Schachzwerge Magdeburg 2"]
[BlackTeam "Schachzwerge Magdeburg 1"]
[PlyCount "67"]
[BlackFideId "12974390"]
[EventCountry "GER"]
[EventRounds "7"]
[EventType "team-swiss"]
[EventDate "2014.12.27"]

1. e4 e5 2. Nf3 Nc6 3. d4 exd4 4. Bc4 Nf6 5. e5 Ng4 6. O-O Bc5 7. c3 O-O 8.
cxd4 Bb4 9. Bg5 Be7 10. Bf4 d5 11. exd6 cxd6 12. d5 Na5 13. Be2 Bf5 14. Nd4
Bxb1 15. Bxg4 Bg6 16. Re1 Bf6 17. Nf5 Bxf5 18. Bxf5 Bxb2 19. Rb1 Bf6 20. Qc2 g6
21. Bd3 Rc8 22. Qd2 Bc3 23. Bg5 Bxd2 24. Bxd8 Bxe1 25. Bxa5 Bxa5 26. h3 Bb6 27.
Be4 Rfe8 28. Bd3 Re5 29. Rb5 Rxd5 30. Be4 Rd1+ 31. Kh2 d5 32. Bf3 Rd2 33. Bg4
Rc1 34. Rb4 0-1

[Event "DVM U10 2014"]
[Site "Magdeburg GER"]
[Date "2014.12.27"]
[Round "1"]
[White "Eschner, Fabian"]
[Black "Unger, Matti"]
[Result "1-0"]
[Termination "normal"]
[Board "3.2"]
[WhiteElo "1216"]
[BlackElo "892"]
[WhiteTeam "Schachzwerge Magdeburg 1"]
[BlackTeam "Schachzwerge Magdeburg 2"]
[PlyCount "81"]
[WhiteFideId "16232860"]
[EventCountry "GER"]
[EventRounds "7"]
[EventType "team-swiss"]
[EventDate "2014.12.27"]

1. e4 e5 2. Nf3 Nc6 3. Bc4 Bc5 4. c3 Nf6 5. d4 exd4 6. cxd4 Bb4+ 7. Bd2 Bxd2+
8. Nbxd2 O-O 9. O-O d6 10. e5 Ng4 11. h3 Ngxe5 12. dxe5 dxe5 13. Nb3 e4 14.
Qxd8 Nxd8 15. Nfd2 Be6 16. Bxe6 Nxe6 17. Nxe4 Rad8 18. Nec5 Nxc5 19. Nxc5 b6
20. Nb3 h6 21. Rfd1 Rxd1+ 22. Rxd1 c5 23. Rd7 Ra8 24. Rb7 Rd8 25. Nd2 c4 26.
Nxc4 Rd1+ 27. Kh2 Rd4 28. b3 b5 29. Rxb5 a6 30. Rb6 a5 31. Nxa5 f5 32. Nc4 Kf7
33. a4 Rd8 34. Rd6 Rb8 35. Rb6 Rd8 36. a5 Ra8 37. a6 h5 38. b4 g6 39. Rb7+ Kf6
40. a7 g5 41. Ne3 1-0

[Event "DVM U10 2014"]
[Site "Magdeburg GER"]
[Date "2014.12.27"]
[Round "1"]
[White "Joppich, Til"]
[Black "Mirschel, Thaddeus"]
[Result "1-0"]
[Termination "normal"]
[Board "3.3"]
[WhiteElo "902"]
[BlackElo "1006"]
[WhiteTeam "Schachzwerge Magdeburg 2"]
[BlackTeam "Schachzwerge Magdeburg 1"]
[PlyCount "87"]
[WhiteFideId "16232917"]
[BlackFideId "16277570"]
[EventCountry "GER"]
[EventRounds "7"]
[EventType "team-swiss"]
[EventDate "2014.12.27"]

1. e4 e5 2. Nf3 Nc6 3. Bc4 Bc5 4. Nc3 Nf6 5. d3 d6 6. Bg5 h6 7. Be3 Be6 8. d4
exd4 9. Bxe6 dxc3 10. Bd5 cxb2 11. Rb1 Bxe3 12. fxe3 O-O 13. O-O Qe7 14. Qd3
Nb4 15. Qb3 Nbxd5 16. exd5 Rfe8 17. Rfe1 b6 18. Rxb2 Ne4 19. Reb1 Nc5 20. Qc3
Ne4 21. Qd4 c5 22. Qc4 Qf6 23. Rf1 a6 24. Qd3 b5 25. Nd2 Qg6 26. c4 bxc4 27.
Nxc4 Ng3 28. Qxg6 Ne2+ 29. Kf2 fxg6 30. Kxe2 Rad8 31. Rb7 Re4 32. Nd2 Ra4 33.
Rff7 Re8 34. Rxg7+ Kh8 35. Kf3 g5 36. Rh7+ Kg8 37. Rxh6 Rxa2 38. Rg6+ Kf8 39.
Rbg7 Rd8 40. Ne4 c4 41. Nf6 Rd7 42. Rxd7 Rf2+ 43. Kxf2 g4 44. Rg8# 1-0

[Event "DVM U10 2014"]
[Site "Magdeburg GER"]
[Date "2014.12.27"]
[Round "1"]
[White "Heutling, Elina"]
[Black "Telesh, Volodymyr"]
[Result "1-0"]
[Termination "normal"]
[Board "3.4"]
[WhiteElo "972"]
[BlackElo "777"]
[WhiteTeam "Schachzwerge Magdeburg 1"]
[BlackTeam "Schachzwerge Magdeburg 2"]
[PlyCount "55"]
[WhiteFideId "16244729"]
[EventCountry "GER"]
[EventRounds "7"]
[EventType "team-swiss"]
[EventDate "2014.12.27"]

1. e4 e5 2. Nf3 Nc6 3. Bc4 Bc5 4. O-O Nf6 5. Nc3 O-O 6. d3 d6 7. Bg5 Bg4 8. Nd5
Nxd5 9. Bxd8 Raxd8 10. exd5 Nd4 11. c3 Nxf3+ 12. gxf3 Bh3 13. Re1 Rde8 14. d4
exd4 15. Rxe8 Rxe8 16. Qa4 Re7 17. Qb5 a6 18. Qxb7 g6 19. Bxa6 dxc3 20. bxc3
Bb6 21. Bf1 Bf5 22. Bd3 Bd7 23. a4 Re5 24. c4 Bd4 25. Rb1 Bh3 26. f4 Rf5 27.
Bxf5 Bxf5 28. Rd1 1-0

[Event "DVM U10 2014"]
[Site "Magdeburg GER"]
[Date "2014.12.27"]
[Round "1"]
[White "Klaas, Heiko"]
[Black "Wöstmann, Benjamin"]
[Result "1/2-1/2"]
[Termination "normal"]
[Board "4.1"]
[WhiteElo "1107"]
[BlackElo "600"]
[WhiteTeam "Hamburger SK 1"]
[BlackTeam "Hamburger SK 2"]
[PlyCount "56"]
[WhiteFideId "16215940"]
[EventCountry "GER"]
[EventRounds "7"]
[EventType "team-swiss"]
[EventDate "2014.12.27"]

1. e4 e5 2. Nf3 Nc6 3. Bc4 Bc5 4. d3 h6 5. Nc3 Nf6 6. Be3 Bb6 7. d4 d6 8. dxe5
dxe5 9. Qxd8+ Nxd8 10. Nxe5 O-O 11. O-O Re8 12. Bxb6 axb6 13. Rad1 Be6 14. Bb3
Bxb3 15. axb3 Rxe5 16. f3 Nc6 17. Rfe1 Nb4 18. f4 Rh5 19. Rd2 Rha5 20. e5 Ne8
21. Na4 b5 22. Nc5 b6 23. Ne4 Ra2 24. c3 Nc6 25. Rb1 Ra1 26. Rxa1 Rxa1+ 27. Kf2
Ra8 28. Rd5 Ra2 1/2-1/2

[Event "DVM U10 2014"]
[Site "Magdeburg GER"]
[Date "2014.12.27"]
[Round "1"]
[White "Zores, Kai"]
[Black "Bölke, Roman"]
[Result "1-0"]
[Termination "normal"]
[Board "4.2"]
[WhiteElo "600"]
[BlackElo "1019"]
[WhiteTeam "Hamburger SK 2"]
[BlackTeam "Hamburger SK 1"]
[PlyCount "35"]
[EventCountry "GER"]
[EventRounds "7"]
[EventType "team-swiss"]
[EventDate "2014.12.27"]

1. e4 c5 2. Bc4 d6 3. Nf3 Nf6 4. Nc3 a6 5. e5 Ng4 6. h3 Nxe5 7. Nxe5 dxe5 8.
Qf3 e6 9. O-O b5 10. Qxa8 Bb7 11. Qxb7 bxc4 12. d3 cxd3 13. Rd1 c4 14. b3 cxb3
15. Rxd3 Nd7 16. axb3 Qe7 17. Rxa6 Nc5 18. Ra8+ 1-0

[Event "DVM U10 2014"]
[Site "Magdeburg GER"]
[Date "2014.12.27"]
[Round "1"]
[White "Fuhrmann, Philipp"]
[Black "Grabbel, Torben Frederik"]
[Result "1-0"]
[Termination "normal"]
[Board "4.3"]
[WhiteElo "756"]
[BlackElo "600"]
[WhiteTeam "Hamburger SK 1"]
[BlackTeam "Hamburger SK 2"]
[PlyCount "69"]
[WhiteFideId "16227557"]
[BlackFideId "16219180"]
[EventCountry "GER"]
[EventRounds "7"]
[EventType "team-swiss"]
[EventDate "2014.12.27"]

1. e4 e5 2. Nf3 Nc6 3. Bb5 d6 4. d3 Nf6 5. Bg5 Be7 6. Nc3 Bd7 7. O-O O-O 8. Qd2
Nd4 9. Nxd4 exd4 10. Bxd7 Qxd7 11. Ne2 c5 12. b4 c4 13. Bxf6 Bxf6 14. dxc4 d3
15. Nc3 dxc2 16. Qxc2 Rac8 17. Qd3 b5 18. Rae1 bxc4 19. Qd2 Rfe8 20. a4 Qb7 21.
b5 a5 22. Nd5 Be5 23. Re3 g6 24. Qxa5 Bg7 25. Qb6 Qd7 26. Qa5 Bd4 27. Re2 Qg4
28. Re3 Bxe3 29. Nf6+ Kg7 30. Nxg4 Bg5 31. b6 c3 32. Qxg5 Rxe4 33. Qf6+ Kg8 34.
Nh6+ Kf8 35. Qxf7# 1-0

[Event "DVM U10 2014"]
[Site "Magdeburg GER"]
[Date "2014.12.27"]
[Round "1"]
[White "Müller, Linus"]
[Black "Huo, Da"]
[Result "0-1"]
[Termination "normal"]
[Board "4.4"]
[WhiteElo "600"]
[BlackElo "600"]
[WhiteTeam "Hamburger SK 2"]
[BlackTeam "Hamburger SK 1"]
[PlyCount "125"]
[WhiteFideId "16245946"]
[BlackFideId "16221206"]
[EventCountry "GER"]
[EventRounds "7"]
[EventType "team-swiss"]
[EventDate "2014.12.27"]

1. e4 e5 2. Nf3 Nc6 3. Bc4 Nf6 4. Nc3 Bc5 5. O-O d6 6. h3 Be6 7. Bb3 Bb4 8. Ng5
Bxb3 9. axb3 h6 10. Nf3 Bxc3 11. bxc3 Nxe4 12. d3 Nxc3 13. Qd2 Nd5 14. c4 Nf6
15. b4 O-O 16. b5 Ne7 17. Bb2 Ng6 18. d4 e4 19. Ne1 Re8 20. c5 dxc5 21. Nc2
cxd4 22. Nxd4 c5 23. Nb3 Qxd2 24. Nxd2 Nd5 25. Nc4 e3 26. fxe3 Nxe3 27. Nxe3
Rxe3 28. Ba3 b6 29. Bc1 Rb3 30. Re1 Rxb5 31. Bd2 Rb2 32. Bc3 Rb3 33. Bd2 Rd8
34. Be3 Re8 35. Bd2 Rxe1+ 36. Rxe1 a5 37. Re8+ Kh7 38. Ra8 c4 39. Rc8 c3 40.
Bxc3 a4 41. Ba1 Rb1+ 42. Kf2 Rxa1 43. Rb8 Rb1 44. Ra8 b5 45. Ra5 Ne5 46. Ke2
Nc4 47. Ra7 f6 48. Kd3 a3 49. Kc2 Rb2+ 50. Kc3 a2 51. Kd4 Rxg2 52. Kc5 Rb2 53.
Rxa2 Rxa2 54. Kxb5 Ne5 55. Kb4 g5 56. Kb3 Ra1 57. Kb2 Ra8 58. Kc3 f5 59. Kd4
Ng6 60. Ke3 Nf4 61. Kf3 Ra3+ 62. Kf2 h5 63. Kg1 0-1

[Event "DVM U10 2014"]
[Site "Magdeburg GER"]
[Date "2014.12.27"]
[Round "1"]
[White "Ho, Ngoc Hai-Dang"]
[Black "Hommel, Niclas"]
[Result "0-1"]
[Termination "normal"]
[Board "5.1"]
[WhiteElo "974"]
[BlackElo "1552"]
[WhiteTeam "Schachunion Berlin 2"]
[BlackTeam "Schachunion Berlin 1"]
[PlyCount "104"]
[WhiteFideId "16206509"]
[BlackFideId "12974927"]
[EventCountry "GER"]
[EventRounds "7"]
[EventType "team-swiss"]
[EventDate "2014.12.27"]

1. d4 Nf6 2. Nf3 e6 3. Bf4 c5 4. Nc3 d5 5. e3 Be7 6. Ne5 a6 7. Nd3 c4 8. Ne5
Nbd7 9. b3 Bb4 10. Nxd7 Bxd7 11. Bg5 Bxc3+ 12. Ke2 Bxa1 13. Qxa1 cxb3 14. axb3
Bb5+ 15. Ke1 Bxf1 16. Rxf1 h6 17. Bxf6 Qxf6 18. c3 Qg5 19. f3 Qxg2 20. Rf2 Qg6
21. Kd2 Qf6 22. Qa4+ b5 23. Qb4 Qe7 24. Qa5 O-O 25. Kd3 Rfc8 26. e4 Qc7 27.
Qxc7 Rxc7 28. exd5 exd5 29. Rc2 a5 30. Ra2 a4 31. bxa4 bxa4 32. Ra3 Rb7 33. Kc2
Kf8 34. Kd3 Rb3 35. Ra2 a3 36. Kc2 Rb7 37. h3 Ke7 38. f4 Kd6 39. h4 Kc6 40. h5
f5 41. c4 dxc4 42. d5+ Kxd5 43. Kc1 Kc5 44. Kc2 Kb4 45. Kc1 Kb3 46. Kb1 c3 47.
Rb2+ Kc4 48. Rxb7 c2+ 49. Ka2 Rc8 50. Rb1 cxb1=Q+ 51. Kxb1 Kb3 52. Ka1 Rc1# 0-1

[Event "DVM U10 2014"]
[Site "Magdeburg GER"]
[Date "2014.12.27"]
[Round "1"]
[White "Fricke, Janek Konrad"]
[Black "Landgraf, Arthur"]
[Result "1-0"]
[Termination "normal"]
[Board "5.2"]
[WhiteElo "1225"]
[BlackElo "797"]
[WhiteTeam "Schachunion Berlin 1"]
[BlackTeam "Schachunion Berlin 2"]
[PlyCount "57"]
[WhiteFideId "12997471"]
[EventCountry "GER"]
[EventRounds "7"]
[EventType "team-swiss"]
[EventDate "2014.12.27"]

1. e4 c5 2. d3 d5 3. Nd2 e6 4. g3 Nc6 5. Bg2 Nf6 6. Ngf3 g6 7. O-O Bg7 8. Re1
O-O 9. Nf1 dxe4 10. dxe4 Qxd1 11. Rxd1 Nxe4 12. Be3 b6 13. N3d2 f5 14. Nxe4
fxe4 15. Bxe4 Bb7 16. Rd7 Rab8 17. Bf4 Ne5 18. Bxb7 Rf7 19. Rxf7 Kxf7 20. Bg2
Rd8 21. Ne3 Bf6 22. b3 g5 23. Bxe5 Bxe5 24. Rd1 Rxd1+ 25. Nxd1 Kf6 26. Ne3 g4
27. Nxg4+ Kf5 28. Nxe5 Kxe5 29. Kf1 1-0

[Event "DVM U10 2014"]
[Site "Magdeburg GER"]
[Date "2014.12.27"]
[Round "1"]
[White "Schröder, Tim"]
[Black "Kessen, Fanny"]
[Result "0-1"]
[Termination "normal"]
[Board "5.3"]
[WhiteElo "600"]
[BlackElo "942"]
[WhiteTeam "Schachunion Berlin 2"]
[BlackTeam "Schachunion Berlin 1"]
[PlyCount "50"]
[BlackFideId "16217357"]
[EventCountry "GER"]
[EventRounds "7"]
[EventType "team-swiss"]
[EventDate "2014.12.27"]

1. e4 e5 2. Nf3 Nc6 3. Bb5 Bd6 4. O-O Nf6 5. d4 O-O 6. Bg5 a6 7. Bd3 b5 8. Nc3
Nxd4 9. Nd5 Be7 10. Nxe7+ Qxe7 11. c3 Nxf3+ 12. Qxf3 Qe6 13. c4 Ne8 14. a3 bxc4
15. Bc2 Bb7 16. b3 d5 17. Bd1 dxe4 18. Qe3 Nd6 19. bxc4 Nxc4 20. Qc5 Rac8 21.
h3 Nb6 22. Bg4 Qe8 23. f4 e3 24. Qxe3 Qc6 25. Rac1 Qxg2# 0-1

[Event "DVM U10 2014"]
[Site "Magdeburg GER"]
[Date "2014.12.27"]
[Round "1"]
[White "de Veer, Mara"]
[Black "Phong Nguyen, Tung"]
[Result "0-1"]
[Termination "normal"]
[Board "5.4"]
[WhiteElo "600"]
[BlackElo "600"]
[WhiteTeam "Schachunion Berlin 1"]
[BlackTeam "Schachunion Berlin 2"]
[PlyCount "86"]
[WhiteFideId "16217349"]
[EventCountry "GER"]
[EventRounds "7"]
[EventType "team-swiss"]
[EventDate "2014.12.27"]

1. d4 d5 2. Nc3 Nf6 3. Nf3 Nc6 4. Bg5 h6 5. Bf4 Bf5 6. e4 dxe4 7. Nh4 g5 8.
Nxf5 gxf4 9. Bb5 a6 10. Be2 e6 11. Nh4 Nd5 12. Nxd5 exd5 13. O-O Qxh4 14. c3
O-O-O 15. Bg4+ Kb8 16. b3 Rg8 17. g3 Rxg4 18. Re1 fxg3 19. hxg3 Qh3 20. Rc1 Re8
21. Rc2 Ba3 22. f3 exf3 23. Rh2 Qxg3+ 24. Kf1 Rxe1+ 25. Qxe1 Qxh2 26. Qf2 Qh3+
27. Ke1 Re4+ 28. Kd2 Re2+ 29. Qxe2 fxe2 30. Kxe2 f5 31. c4 dxc4 32. bxc4 f4 33.
d5 Nd4+ 34. Kd2 Qh2+ 35. Kd3 Qf2 36. Kc3 Qb2+ 37. Kd3 f3 38. Ke4 f2 39. c5 f1=Q
40. Ke5 Nb5+ 41. Ke4 Nc3+ 42. Kd4 Qb4+ 43. Ke5 Qe4# 0-1

[Event "DVM U10 2014"]
[Site "Magdeburg GER"]
[Date "2014.12.27"]
[Round "1"]
[White "Bergauz, Igal"]
[Black "Gutewort, Paul Emil"]
[Result "1-0"]
[Termination "normal"]
[Board "6.1"]
[WhiteElo "1777"]
[BlackElo "1198"]
[WhiteTeam "SK München Südost"]
[BlackTeam "Sfr. Nord-Ost Berlin"]
[PlyCount "95"]
[WhiteFideId "12977284"]
[BlackFideId "16204182"]
[EventCountry "GER"]
[EventRounds "7"]
[EventType "team-swiss"]
[EventDate "2014.12.27"]

1. e4 c5 2. Nf3 Nc6 3. d4 cxd4 4. Nxd4 d6 5. c4 Nf6 6. Nc3 e5 7. Nb3 Be7 8. f3
Be6 9. Be3 O-O 10. Be2 Qc7 11. O-O Rfd8 12. Nd5 Qd7 13. Rc1 b6 14. Qe1 Rac8 15.
Qf2 h6 16. Rfd1 Bxd5 17. cxd5 Nb4 18. a3 Qa4 19. axb4 Qxb3 20. Ba6 Rb8 21. Qd2
Qa4 22. b5 Nd7 23. b4 Ra8 24. Qb2 Rac8 25. Bxc8 Qxb5 26. Bxd7 Qxd7 27. Rc6 Rf8
28. Rdc1 f5 29. Rc7 Qe8 30. exf5 Bf6 31. Qf2 e4 32. Rc8 Qh5 33. Rxf8+ Kxf8 34.
g4 Qf7 35. Rc8+ Bd8 36. Rxd8+ Ke7 37. Qh4+ g5 38. Bxg5+ hxg5 39. Qxg5+ Qf6 40.
Rd7+ Kxd7 41. Qxf6 a5 42. Qe6+ Kc7 43. f6 e3 44. Qxe3 axb4 45. f7 b3 46. f8=Q
Kb7 47. Qfe7+ Ka6 48. Qxb3 1-0

[Event "DVM U10 2014"]
[Site "Magdeburg GER"]
[Date "2014.12.27"]
[Round "1"]
[White "Buschmann, Tim"]
[Black "Grunert, Friedrich"]
[Result "0-1"]
[Termination "normal"]
[Board "6.2"]
[WhiteElo "1115"]
[BlackElo "1492"]
[WhiteTeam "Sfr. Nord-Ost Berlin"]
[BlackTeam "SK München Südost"]
[PlyCount "42"]
[WhiteFideId "16257669"]
[BlackFideId "12995592"]
[EventCountry "GER"]
[EventRounds "7"]
[EventType "team-swiss"]
[EventDate "2014.12.27"]

1. e4 e6 2. Nf3 d5 3. exd5 exd5 4. d4 c5 5. dxc5 Bxc5 6. c4 Qb6 7. Qe2+ Ne7 8.
cxd5 O-O 9. Nc3 Ng6 10. Qd2 Re8+ 11. Kd1 Bg4 12. Be2 Bxf2 13. h3 Bxf3 14. gxf3
Nh4 15. Rf1 Ng2 16. Qg5 Qd4+ 17. Kc2 Ne1+ 18. Kb1 Na6 19. Bd2 Rxe2 20. Nxe2
Qd3+ 21. Kc1 Qc2# 0-1

[Event "DVM U10 2014"]
[Site "Magdeburg GER"]
[Date "2014.12.27"]
[Round "1"]
[White "Cheng, Dino Liwen"]
[Black "Beck, Felix"]
[Result "0-1"]
[Termination "normal"]
[Board "6.3"]
[WhiteElo "1029"]
[BlackElo "995"]
[WhiteTeam "SK München Südost"]
[BlackTeam "Sfr. Nord-Ost Berlin"]
[PlyCount "36"]
[BlackFideId "16255364"]
[EventCountry "GER"]
[EventRounds "7"]
[EventType "team-swiss"]
[EventDate "2014.12.27"]

1. e4 e5 2. Nf3 Nc6 3. Bc4 Be7 4. d4 exd4 5. Nxd4 Nf6 6. Nc3 d6 7. Nf5 Bxf5 8.
exf5 O-O 9. O-O Qd7 10. Nd5 Rfe8 11. Nxf6+ Bxf6 12. c3 Ne5 13. Bb3 Qxf5 14. Re1
Bh4 15. g3 Nf3+ 16. Kf1 Nxe1 17. gxh4 Qh3+ 18. Kg1 Qg2# 0-1

[Event "DVM U10 2014"]
[Site "Magdeburg GER"]
[Date "2014.12.27"]
[Round "1"]
[White "Klühs, Gustaf"]
[Black "Klonov, Jakov"]
[Result "0-1"]
[Termination "normal"]
[Board "6.4"]
[WhiteElo "918"]
[BlackElo "978"]
[WhiteTeam "Sfr. Nord-Ost Berlin"]
[BlackTeam "SK München Südost"]
[PlyCount "40"]
[WhiteFideId "16228936"]
[BlackFideId "16211928"]
[EventCountry "GER"]
[EventRounds "7"]
[EventType "team-swiss"]
[EventDate "2014.12.27"]

1. d4 Nf6 2. Nd2 g6 3. e4 Bg7 4. c3 d6 5. f4 O-O 6. Ngf3 c5 7. Bc4 Nc6 8. e5
dxe5 9. dxe5 Nd7 10. e6 fxe6 11. Bxe6+ Kh8 12. Ng5 Qe8 13. Qb3 Nf6 14. Ndf3
Bxe6 15. Nxe6 Rf7 16. Nc7 Qc8 17. Nxa8 Qxa8 18. O-O Nh5 19. Ne5 Bxe5 20. g3 b6
{Rest nicht nachvollziehbar} 0-1

[Event "DVM U10 2014"]
[Site "Magdeburg GER"]
[Date "2014.12.27"]
[Round "1"]
[White "Kahlsdorf, Fabian"]
[Black "Noever, Niklas"]
[Result "0-1"]
[Termination "normal"]
[Board "7.1"]
[WhiteElo "1055"]
[BlackElo "1400"]
[WhiteTeam "Braunschweiger SF"]
[BlackTeam "Rheydter Schachverein 1920"]
[PlyCount "124"]
[WhiteFideId "16201140"]
[BlackFideId "12988642"]
[EventCountry "GER"]
[EventRounds "7"]
[EventType "team-swiss"]
[EventDate "2014.12.27"]

1. e4 c5 2. d4 cxd4 3. c3 dxc3 4. Nxc3 Nc6 5. Nf3 d6 6. Bc4 Be6 7. Bxe6 fxe6 8.
Be3 h6 9. O-O Nf6 10. Rc1 g5 11. Re1 Bg7 12. h3 O-O 13. Qb3 Qd7 14. Red1 b6 15.
e5 Ne8 16. exd6 exd6 17. Ne2 Nc7 18. Qa3 Nd5 19. Qa4 Ne5 20. Qxd7 Nxd7 21. Bd4
Rac8 22. Bxg7 Kxg7 23. Rxc8 Rxc8 24. Rc1 Rxc1+ 25. Nxc1 e5 26. Kf1 Nc5 27. Ke2
Nf4+ 28. Kf1 Nfd3 29. Nxd3 Nxd3 30. b3 Nc1 31. Nd2 Nxa2 32. Nc4 Nc1 33. b4 Na2
34. b5 Nb4 35. Nxd6 Kf6 36. Nc8 Ke6 37. Nxa7 Kd7 38. Ke2 Kc7 39. Kd2 Kb7 40.
Kc3 Na2+ 41. Kb2 Nc1 42. Kxc1 Kxa7 43. Kb2 Kb7 44. Kb3 Kc7 45. Kb4 Kd6 46. Kc4
h5 47. f3 h4 48. Kb4 Kd5 49. Ka4 Kc4 50. Ka3 Kxb5 51. Kb3 Kc5 52. Ka4 Kc4 53.
Ka3 Kd3 54. Kb4 Ke2 55. Kb5 Kf2 56. Kxb6 Kxg2 57. Kc5 Kxf3 58. Kd5 e4 59. Kd4
e3 60. Kd3 Kf2 61. Kd4 e2 62. Kd5 e1=Q 0-1

[Event "DVM U10 2014"]
[Site "Magdeburg GER"]
[Date "2014.12.27"]
[Round "1"]
[White "Bartels, Simon"]
[Black "Kahlsdorf, Hendrik"]
[Result "1/2-1/2"]
[Termination "normal"]
[Board "7.2"]
[WhiteElo "1235"]
[BlackElo "1051"]
[WhiteTeam "Rheydter Schachverein 1920"]
[BlackTeam "Braunschweiger SF"]
[PlyCount "41"]
[WhiteFideId "12990140"]
[BlackFideId "16201159"]
[EventCountry "GER"]
[EventRounds "7"]
[EventType "team-swiss"]
[EventDate "2014.12.27"]

1. e4 d5 2. exd5 Qxd5 3. Nc3 Qa5 4. Nf3 Nf6 5. Be2 Bf5 6. O-O e6 7. a3 Nbd7 8.
d3 Be7 9. Be3 c6 10. Qd2 Qc7 11. Rad1 Bd6 12. h3 O-O-O 13. d4 Kb8 14. b4 Rdg8
15. b5 Bxa3 16. bxc6 Qxc6 17. Bb5 Qc7 18. Bf4 Bd6 19. Be3 Bb4 20. Bf4 Bd6 21.
Be3 1/2-1/2